[Event "Benidorm op U2000 18th"]
[Site "Benidorm"]
[Date "2019.12.03"]
[Round "5"]
[White "Malek, Yuriy"]
[Black "Najarro Garcia, Jose Maria"]
[Result "1-0"]
[WhiteElo "1930"]
[BlackElo "1778"]
[PlyCount "103"]
[EventDate "2019.11.29"]
[EventType "swiss"]
[EventRounds "10"]
[EventCountry "ESP"]
[SourceTitle "EXT 2022"]
[Source "ChessBase"]
[SourceDate "2021.10.06"]
[SourceVersion "1"]
[SourceVersionDate "2021.10.06"]
[SourceQuality "1"]

1. e4 e5 2. d4 exd4 3. Bc4 Nc6 4. Nf3 Be7 5. c3 Nf6 6. e5 Ng4 7. cxd4 d5 8. Bb3 h5 9. Nc3 Be6 10. a3 h4 11. h3 Nh6 12. Ba4 Nf5 13. b4 Kf8 14. Ne2 g5 15. Qd3 a6 16. Nh2 Kg7 17. Ng4 Qd7 18. Bc2 Rag8 19. Rb1 Kf8 20. Bd2 Ng7 21. Ne3 f5 22. exf6 Bxf6 23. a4 Ne7 24. b5 axb5 25. axb5 Nef5 26. Ng4 Ke7 27. Qa3+ Nd6 28. Ne5 Qc8 29. Ng6+ Kf7 30. Nxh8+ Rxh8 31. Qf3 Ngf5 32. 0-0 Nc4 33. Bb4 Qd7 34. Rfd1 Nfd6 35. Nc3 g4 36. hxg4 Bxg4 37. Qxd5+ Be6 38. Qf3 h3 39. g3 h2+ 40. Kh1 Bg4 41. Qd3 Bf5 42. Qe2 Bh3 43. Bxd6 Nxd6 44. Bb3+ Kg7 45. Nd5 Bg2+ 46. Kxg2 Qh3+ 47. Kh1 Re8 48. Qf1 Qf5 49. Nxf6 Kxf6 50. Rb2 Qf3+ 51. Qg2 Qxd1+ 52. Bxd1 1-0

[Event "Xabia Region-ch Preferente"]
[Site "Xabia"]
[Date "2015.10.24"]
[Round "3.1"]
[White "Najarro Garcia, Jose Maria"]
[Black "Terrades Dalmau, Antonio J"]
[Result "1/2-1/2"]
[WhiteElo "1797"]
[BlackElo "1814"]
[PlyCount "56"]
[EventDate "2015.10.03"]
[EventType "swiss"]
[EventRounds "7"]
[EventCountry "ESP"]
[SourceTitle "EXT 2024"]
[Source "ChessBase"]
[SourceDate "2023.10.10"]
[SourceVersion "1"]
[SourceVersionDate "2023.10.10"]
[SourceQuality "1"]

1. d4 Nf6 2. Bg5 e6 3. e4 h6 4. Bxf6 Qxf6 5. Nf3 c5 6. Nc3 a6 7. e5 Qd8 8. d5 exd5 9. Qxd5 Be7 10. 0-0-0 0-0 11. Kb1 Nc6 12. Ne4 Nb4 13. Qb3 b5 14. c4 Bb7 15. Nc3 Rb8 16. Be2 bxc4 17. Qxc4 a5 18. Qg4 Bc8 19. Qg3 Qb6 20. Rd2 Rd8 21. Rhd1 d5 22. exd6 Bf5+ 23. Kc1 Bxd6 24. Ne5 f6 25. Nc4 Bxg3 26. Rxd8+ Qxd8 27. Rxd8+ Rxd8 28. hxg3 Nc6 1/2-1/2

[Event "Mislata op-C 23rd"]
[Site "Mislata"]
[Date "2015.08.16"]
[Round "9.1"]
[White "Palomo Ruiperez, Bruno"]
[Black "Najarro Garcia, Jose Maria"]
[Result "0-1"]
[WhiteElo "1895"]
[BlackElo "1765"]
[PlyCount "106"]
[EventDate "2015.08.10"]
[EventType "swiss"]
[EventRounds "9"]
[EventCountry "ESP"]
[SourceTitle "EXT 2024"]
[Source "ChessBase"]
[SourceDate "2023.10.10"]
[SourceVersion "1"]
[SourceVersionDate "2023.10.10"]
[SourceQuality "1"]

1. e4 Nf6 2. e5 Ng8 3. d4 d6 4. exd6 exd6 5. Nf3 Be7 6. Bd3 Nf6 7. 0-0 0-0 8. h3 c6 9. a4 Re8 10. Re1 Nbd7 11. Nc3 Nf8 12. Ne4 Nxe4 13. Bxe4 d5 14. Bd3 Be6 15. Bf4 Bd6 16. Qd2 Qc7 17. Bxd6 Qxd6 18. Re2 Ng6 19. Bxg6 hxg6 20. Rae1 f6 21. c3 Kf7 22. Nh4 g5 23. Nf3 g4 24. hxg4 Bxg4 25. Rxe8 Rxe8 26. Rxe8 Kxe8 27. Qd3 Qf4 28. Qe3+ Qxe3 29. fxe3 a5 30. Kf2 g5 31. Ke2 Ke7 32. Kf2 Ke6 33. Kg3 Bf5 34. Ne1 Kf7 35. Kf3 Kg6 36. g3 Be4+ 37. Ke2 Kf5 38. Kf2 Kg4 39. b3 b6 40. c4 Bb1 41. Nf3 Bc2 42. Nd2 Bd1 43. Kg2 f5 44. Kf2 Kh3 45. cxd5 cxd5 46. Ke1 Bc2 47. Kf2 g4 48. Kg1 Kxg3 49. Kf1 Kh2 50. Ke2 Kg2 51. Ke1 g3 52. Ke2 Kh1 53. Nf3 Be4 0-1

[Event "Xabia op 1st"]
[Site "Xabia"]
[Date "2015.04.26"]
[Round "6"]
[White "Najarro Garcia, Jose Maria"]
[Black "Riquelme Valero, Manuel Damian"]
[Result "0-1"]
[WhiteElo "1765"]
[BlackElo "2127"]
[PlyCount "46"]
[EventDate "2015.04.24"]
[EventType "swiss"]
[EventRounds "7"]
[EventCountry "ESP"]
[SourceTitle "EXT 2019"]
[Source "ChessBase"]
[SourceDate "2018.10.10"]
[SourceVersion "1"]
[SourceVersionDate "2018.10.10"]
[SourceQuality "1"]

1. e4 c6 2. d4 d5 3. Nc3 dxe4 4. Nxe4 Nf6 5. Ng3 c5 6. Nf3 Nc6 7. Bb5 Qa5+ 8. Qd2 Qxb5 9. a4 Qa5 10. Qxa5 Nxa5 11. dxc5 Nc6 12. Bd2 a5 13. c3 Bg4 14. Ng5 h6 15. N5e4 Nxe4 16. Nxe4 Bf5 17. Ng3 Bd3 18. f4 e6 19. b4 axb4 20. cxb4 Be7 21. Bc3 Bf6 22. Bxf6 gxf6 23. b5 Bxb5 0-1

[Event "Benidorm op U2000 12th"]
[Site "Benidorm"]
[Date "2013.11.29"]
[Round "1"]
[White "Rodriguez Gomez, Vicente"]
[Black "Najarro Garcia, Jose Maria"]
[Result "1-0"]
[WhiteElo "1993"]
[BlackElo "1765"]
[PlyCount "107"]
[EventDate "2013.11.29"]
[EventType "swiss"]
[EventRounds "10"]
[EventCountry "ESP"]
[SourceTitle "CBM 157 Extra"]
[Source "ChessBase"]
[SourceDate "2013.12.19"]
[SourceVersion "1"]
[SourceVersionDate "2013.12.19"]
[SourceQuality "1"]

1. e4 c5 2. c3 d5 3. exd5 Qxd5 4. d4 Nf6 5. Nf3 e6 6. Be2 Be7 7. 0-0 0-0 8. Be3 cxd4 9. Nxd4 e5 10. c4 Qa5 11. Nb3 Qc7 12. Nc3 a6 13. Rc1 Bf5 14. Nd5 Nxd5 15. cxd5 Qd8 16. Nc5 b6 17. Na4 Nd7 18. Rc6 b5 19. d6 Bf6 20. Nb6 Nxb6 21. Bxb6 Qe8 22. Qc1 Be4 23. Rc3 Qe6 24. Rd1 Qxa2 25. Bg4 Bd8 26. Bxd8 Rfxd8 27. Rc8 Raxc8 28. Bxc8 Qa4 29. d7 Bf5 30. Re1 b4 31. Qc7 Rxd7 32. Bxd7 Qxd7 33. Qxe5 h6 34. Qb8+ Kh7 35. Qxb4 Be6 36. Qc3 Qd5 37. h3 Qg5 38. Qe5 Qg6 39. Re3 Qb1+ 40. Kh2 Qf1 41. Rg3 g6 42. Qd4 Qc1 43. Re3 Qc7+ 44. Qe5 Qc2 45. Re2 Qc4 46. Rd2 Qh4 47. Qd4 Qg5 48. Qe3 Qf6 49. g3 Qf5 50. g4 Qb1 51. f4 Qc1 52. Re2 Bd5 53. Qxc1 Be6 54. Qe3 1-0

[Event "Benidorm op U2200 10th"]
[Site "Benidorm"]
[Date "2011.12.04"]
[Round "3"]
[White "Najarro Garcia, Jose Maria"]
[Black "Serrano Martinez, Francisco Jose"]
[Result "0-1"]
[WhiteElo "1829"]
[BlackElo "1980"]
[PlyCount "57"]
[EventDate "2011.12.02"]
[EventType "swiss"]
[EventRounds "10"]
[EventCountry "ESP"]
[SourceTitle "CBM 145 Extra"]
[Source "ChessBase"]
[SourceDate "2012.01.03"]
[SourceVersion "1"]
[SourceVersionDate "2012.01.03"]
[SourceQuality "1"]

1. e4 c5 2. Nf3 Nc6 3. d3 g6 4. g3 Bg7 5. Bg2 Nf6 6. 0-0 0-0 7. Nbd2 Rb8 8. Nh4 d6 9. f4 Bg4 10. Ndf3 Qc8 11. c3 Bh3 12. Ng5 Bxg2 13. Kxg2 b5 14. Qe2 h6 15. Ngf3 Qb7 16. Be3 e6 17. h3 c4 18. Rae1 b4 19. Bd2 cxd3 20. Qxd3 bxc3 21. Bxc3 Nb4 22. Qb1 d5 23. e5 Ne4 24. Bd4 Nc6 25. Re2 Nxd4 26. Nxd4 Nc3 27. Qd3 Nxe2 28. Qxe2 Qxb2 29. Rf2 0-1